Títulos y operaciones de crédito / (Registro nro. 7899)

Detalles MARC
000 -LEADER
fixed length control field 00860nam a2200253Ia 4500
003 - CONTROL NUMBER IDENTIFIER
control field OSt
005 - DATE AND TIME OF LATEST TRANSACTION
control field 20210527091835.0
008 - FIXED-LENGTH DATA ELEMENTS--GENERAL INFORMATION
fixed length control field 210310s1978 mx fr 000 0 spa d
020 ## - INTERNATIONAL STANDARD BOOK NUMBER
International Standard Book Number 9684200048
040 ## - CATALOGING SOURCE
Original cataloging agency CO-JMCR
Transcribing agency CO-JMCR
041 0# - LANGUAGE CODE
Language code of text/sound track or separate title spa
082 04 - DEWEY DECIMAL CLASSIFICATION NUMBER
Classification number 332.77 /
Item number C419t
Edition number 23
100 1# - MAIN ENTRY--PERSONAL NAME
Personal name Cervantes Ahumada, Raúl,
9 (RLIN) 15762
Relator term autor
245 10 - TITLE STATEMENT
Title Títulos y operaciones de crédito /
Statement of responsibility, etc. Raúl Cervantes A.
250 ## - EDITION STATEMENT
Edition statement Décima edición
260 ## - PUBLICATION, DISTRIBUTION, ETC.
Place of publication, distribution, etc. México :
Name of publisher, distributor, etc. Editorial Herrero,
Date of publication, distribution, etc. 1978
300 ## - PHYSICAL DESCRIPTION
Extent 6 láminas plegables, 422 páginas ;
Dimensions 23 cm.
500 ## - GENERAL NOTE
General note Incluye notas a pie de página.
505 0# - FORMATTED CONTENTS NOTE
Formatted contents note Los títulos de crédito -- Las operaciones de crédito y las bancarias
650 14 - SUBJECT ADDED ENTRY--TOPICAL TERM
Topical term or geographic name entry element Documentos negociables
9 (RLIN) 15764
Geographic subdivision México
650 24 - SUBJECT ADDED ENTRY--TOPICAL TERM
Topical term or geographic name entry element Crédito
Geographic subdivision México
9 (RLIN) 37933
650 24 - SUBJECT ADDED ENTRY--TOPICAL TERM
Topical term or geographic name entry element Bancos
General subdivision Legislación
Geographic subdivision México
9 (RLIN) 37934
942 ## - ADDED ENTRY ELEMENTS (KOHA)
Source of classification or shelving scheme Dewey Decimal Classification
Koha item type Books
Existencias
Withdrawn status Lost status Source of classification or shelving scheme Damaged status Not for loan Collection code Home library Current library Date acquired Source of acquisition Full call number Barcode Date last seen Copy number Koha item type
    Dewey Decimal Classification     Non-fiction Biblioteca Pública José María del Castillo y Rada Biblioteca Pública José María del Castillo y Rada 04/15/2018 Donación 332.77 / C419t 430003347 05/16/2024 Ej.1 Books